<?xml version="1.0" encoding="UTF-8"?><marc:collection xmlns:marc="http://www.loc.gov/MARC21/slim">
  <marc:record>
    <marc:leader>00000nam  2200000za 4500</marc:leader>
    <marc:controlfield tag="001">9.855974</marc:controlfield>
    <marc:controlfield tag="003">CaOODSP</marc:controlfield>
    <marc:controlfield tag="005">20251031142447</marc:controlfield>
    <marc:controlfield tag="007">cr |||||||||||</marc:controlfield>
    <marc:controlfield tag="008">180430s2018    oncad   ob   f000 0 eng d</marc:controlfield>
    <marc:datafield tag="040" ind1=" " ind2=" ">
      <marc:subfield code="a">CaOODSP</marc:subfield>
      <marc:subfield code="b">eng</marc:subfield>
    </marc:datafield>
    <marc:datafield tag="043" ind1=" " ind2=" ">
      <marc:subfield code="a">n-cn-on</marc:subfield>
      <marc:subfield code="a">n-us-ny</marc:subfield>
    </marc:datafield>
    <marc:datafield tag="086" ind1="1" ind2=" ">
      <marc:subfield code="a">M183-2/8366E-PDF</marc:subfield>
    </marc:datafield>
    <marc:datafield tag="100" ind1="1" ind2=" ">
      <marc:subfield code="a">Lewis, C. F. M.</marc:subfield>
    </marc:datafield>
    <marc:datafield tag="245" ind1="1" ind2="0">
      <marc:subfield code="a">Estimating a reference elevation for the 1999 U.S. National Oceanic and Atmospheric Administration bathymetry map of Lake Ontario, Ontario </marc:subfield>
      <marc:subfield code="h">[electronic resource] / </marc:subfield>
      <marc:subfield code="c">C.F.M. Lewis, B.J. Todd, and S.E. Hayward.</marc:subfield>
    </marc:datafield>
    <marc:datafield tag="260" ind1=" " ind2=" ">
      <marc:subfield code="a">[Ottawa] : </marc:subfield>
      <marc:subfield code="b">Natural Resources Canada, </marc:subfield>
      <marc:subfield code="c">2018.</marc:subfield>
    </marc:datafield>
    <marc:datafield tag="300" ind1=" " ind2=" ">
      <marc:subfield code="a">14 p. : </marc:subfield>
      <marc:subfield code="b">col. charts, ill.</marc:subfield>
    </marc:datafield>
    <marc:datafield tag="490" ind1="1" ind2=" ">
      <marc:subfield code="a">Open file ; </marc:subfield>
      <marc:subfield code="v">8366</marc:subfield>
    </marc:datafield>
    <marc:datafield tag="504" ind1=" " ind2=" ">
      <marc:subfield code="a">Includes bibliographical references.</marc:subfield>
    </marc:datafield>
    <marc:datafield tag="520" ind1=" " ind2=" ">
      <marc:subfield code="a">“Sounding data from a 1974 expedition aboard MV Martin Karlsen on Lake Ontario are compared with water depths in a 1999 bathymetry map published by U.S. National Oceanic and Atmospheric Administration to establish the reference elevation used by the map-maker. The reference elevation found was 74.0 metres above sea level, identical with the datum used by the Canadian Hydrographic Service for navigation charts in Lake Ontario between 1955 and 1985. The reference will be used to estimate the elevation of geological features beneath Lake Ontario for comparison with the elevations of onshore features”--Provided by publisher.</marc:subfield>
    </marc:datafield>
    <marc:datafield tag="693" ind1=" " ind2="4">
      <marc:subfield code="a">Bathymetric maps</marc:subfield>
    </marc:datafield>
    <marc:datafield tag="693" ind1=" " ind2="4">
      <marc:subfield code="a">Ontario, Lake (N.Y. and Ont.)</marc:subfield>
    </marc:datafield>
    <marc:datafield tag="693" ind1=" " ind2="4">
      <marc:subfield code="a">Elevation</marc:subfield>
    </marc:datafield>
    <marc:datafield tag="700" ind1="1" ind2=" ">
      <marc:subfield code="a">Todd, Brian J. </marc:subfield>
      <marc:subfield code="q">(Brian Jeremy)</marc:subfield>
    </marc:datafield>
    <marc:datafield tag="700" ind1="1" ind2=" ">
      <marc:subfield code="a">Hayward, Scott.</marc:subfield>
    </marc:datafield>
    <marc:datafield tag="710" ind1="1" ind2=" ">
      <marc:subfield code="a">Canada. </marc:subfield>
      <marc:subfield code="b">Natural Resources Canada.</marc:subfield>
    </marc:datafield>
    <marc:datafield tag="710" ind1="2" ind2=" ">
      <marc:subfield code="a">Geological Survey of Canada.</marc:subfield>
    </marc:datafield>
    <marc:datafield tag="830" ind1="#" ind2="0">
      <marc:subfield code="a">Open file (Geological Survey of Canada)</marc:subfield>
      <marc:subfield code="v">8366.</marc:subfield>
      <marc:subfield code="w">(CaOODSP)9.506878</marc:subfield>
    </marc:datafield>
    <marc:datafield tag="856" ind1="4" ind2="0">
      <marc:subfield code="q">PDF</marc:subfield>
      <marc:subfield code="s">702 KB</marc:subfield>
      <marc:subfield code="u">https://publications.gc.ca/collections/collection_2018/rncan-nrcan/m183-2/M183-2-8366-eng.pdf</marc:subfield>
    </marc:datafield>
    <marc:datafield tag="986" ind1=" " ind2=" ">
      <marc:subfield code="a">306621</marc:subfield>
    </marc:datafield>
  </marc:record>
</marc:collection>
